[Event "Druga liga Srbije grupa Vojvodina 2013"]
[Site "Stari Banovci"]
[Date "2013.11.11"]
[Round "11.1"]
[White "Pezelj, Novak"]
[Black "Sertic, Rudolf"]
[Result "1-0"]
[WhiteElo "2352"]
[BlackElo "2358"]
[PlyCount "177"]
[EventDate "2013.11.04"]

1. e4 e5 2. Nf3 Nf6 3. Nxe5 d6 4. Nf3 Nxe4 5. Qe2 Qe7 6. d3 Nf6 7. Nc3 Qxe2+ 8.
Bxe2 Be7 9. O-O c6 10. Re1 Na6 11. Nd4 Nc7 12. Bf3 Bd7 13. a4 g6 14. a5 d5 15.
Na4 Ne6 16. Be3 O-O 17. Nb3 Bc8 18. g3 Nd7 19. Bg2 Rd8 20. c3 Bd6 21. f4 h5 22.
Bf2 h4 23. Bf3 Bc7 24. c4 Nf6 25. Nc3 a6 26. cxd5 cxd5 27. Rac1 hxg3 28. hxg3
Bb8 29. Na4 Bd6 30. Nb6 Rb8 31. Nc5 Nxc5 32. Bxc5 Bxc5+ 33. Rxc5 Be6 34. Rc7
Ne8 35. Rc5 Nf6 36. Rc3 Rd6 37. Kf2 Kf8 38. Rec1 Bf5 39. Rb3 Be6 40. Na4 Bd7
41. Nb6 Bc6 42. Re1 Rbd8 43. Ra3 Ne8 44. Raa1 Nc7 45. Bg4 Nb5 46. Nc8 Rf6 47.
Rac1 g5 48. Rh1 Kg7 49. Ne7 gxf4 50. Nf5+ Kg8 51. gxf4 Re8 52. Rcg1 Rg6 53. Bh5
Rxg1 54. Rxg1+ Kf8 55. Rg7 Nd6 56. Nxd6 Kxg7 57. Nxe8+ Bxe8 58. Ke3 Kf6 59. Bg4
Ke7 60. Kd4 Kd6 61. Bf3 Bc6 62. f5 f6 63. b4 Bb5 64. Bxd5 Bxd3 65. Bxb7 Bb5 66.
Be4 Bd7 67. Bc2 Bc8 68. Bd3 Kc6 69. Kc3 Bd7 70. Kd4 Bc8 71. Ke4 Bb7 72. Kf4 Bc8
73. Ke4 Bb7 74. Bc4 Kd6+ 75. Kd4 Bc8 76. Be2 Kc6 77. Bd3 Kd6 78. Bc4 Bb7 79. b5
axb5 80. Bxb5 Bc8 81. Bd3 Kc6 82. Kc4 Ba6+ 83. Kc3 Bc8 84. Kb4 Kd6 85. Kb5 Kc7
86. a6 Bd7+ 87. Kc5 Bc8 88. a7 Bb7 89. Bc4 1-0

[Event "Druga liga Srbije grupa Vojvodina 2013"]
[Site "Stari Banovci"]
[Date "2013.11.11"]
[Round "11.1"]
[White "Vujadinovic, Goran"]
[Black "Robulj, Nenad"]
[Result "1/2-1/2"]
[WhiteElo "2364"]
[BlackElo "2322"]
[PlyCount "38"]
[EventDate "2013.11.04"]

1. g3 Nf6 2. Bg2 d5 3. Nf3 c6 4. O-O h6 5. b3 Bf5 6. Bb2 e6 7. d3 Be7 8. Nbd2
O-O 9. Qe1 Na6 10. e4 dxe4 11. dxe4 Bh7 12. e5 Nd5 13. Ne4 Bb4 14. Qe2 Bxe4 15.
Qxe4 Bc3 16. Bxc3 Nxc3 17. Qe3 Qa5 18. a3 Qc5 19. Rfe1 Rfd8 1/2-1/2

[Event "Druga liga Srbije grupa Vojvodina 2013"]
[Site "Stari Banovci"]
[Date "2013.11.11"]
[Round "11.1"]
[White "Joksimovic, Dragoljub"]
[Black "Kolognat, Petar"]
[Result "1/2-1/2"]
[WhiteElo "2164"]
[BlackElo "2293"]
[PlyCount "21"]
[EventDate "2013.11.04"]

1. c4 Nf6 2. Nc3 e6 3. d4 d5 4. Nf3 Be7 5. g3 O-O 6. Bg2 c6 7. O-O Nbd7 8. a4
Ne4 9. Qc2 f5 10. Bf4 g5 11. Bc1 1/2-1/2

[Event "Druga liga Srbije grupa Vojvodina 2013"]
[Site "Stari Banovci"]
[Date "2013.11.11"]
[Round "11.1"]
[White "Mastrapovic, Vladimir"]
[Black "Mitrovic, Zivadin"]
[Result "1-0"]
[WhiteElo "2280"]
[BlackElo "2187"]
[PlyCount "117"]
[EventDate "2013.11.04"]

1. e4 d5 2. exd5 Nf6 3. c4 c6 4. Nc3 cxd5 5. d4 dxc4 6. Bxc4 e6 7. Nf3 Be7 8.
O-O O-O 9. Qd3 Nbd7 10. Bg5 Nb6 11. Bb3 Nbd5 12. Ne5 Nxc3 13. bxc3 Nd5 14. Bc2
f5 15. Bd2 Bd7 16. Rab1 b6 17. c4 Nf6 18. Rfe1 Bd6 19. Bb3 Re8 20. Nxd7 Qxd7
21. c5 bxc5 22. Qxf5 c4 23. Bxc4 Bxh2+ 24. Kh1 Qxd4 25. Bxe6+ Kh8 26. Be3 Qe5
27. Bg5 Qxf5 28. Bxf5 Bd6 29. g4 h6 30. Be3 Re7 31. Red1 Be5 32. Rb4 Kg8 33.
Rd3 g5 34. a4 Rc7 35. Rb5 Re8 36. a5 Rc4 37. Bxa7 Nxg4 38. Bxg4 Rxg4 39. Re3
Ra8 40. Bb6 Bd4 41. Rf3 Rh4+ 42. Kg2 Rg4+ 43. Kh3 Re4 44. Rff5 Bc3 45. Rfc5 Be1
46. Rc6 Kh7 47. Rd5 Bb4 48. Rd7+ Kg8 49. Rg6+ Kh8 50. Rxh6+ Kg8 51. Rg6+ Kf8
52. Rxg5 Be7 53. Rh5 Ke8 54. Rc7 Kf7 55. Rh7+ Kf6 56. Rc6+ Kf5 57. Rh5+ Kf4 58.
Rc3 Rg8 59. Bc7+ 1-0

[Event "Druga liga Srbije grupa Vojvodina 2013"]
[Site "Stari Banovci"]
[Date "2013.11.11"]
[Round "11.1"]
[White "Vlajkovic, Goran"]
[Black "Bogic, Stevan"]
[Result "1/2-1/2"]
[WhiteElo "2173"]
[BlackElo "2195"]
[PlyCount "68"]
[EventDate "2013.11.04"]

1. d4 Nf6 2. c4 g6 3. Nc3 Bg7 4. e4 d6 5. f4 O-O 6. Nf3 c5 7. dxc5 Qa5 8. Bd3
Qxc5 9. Qe2 Bg4 10. Be3 Qc7 11. Rc1 Nbd7 12. O-O Rfc8 13. h3 Bxf3 14. Qxf3 Nc5
15. Bb1 a5 16. e5 dxe5 17. Nd5 Nxd5 18. cxd5 b6 19. f5 Rf8 20. Qg4 Qd6 21. Rcd1
Nd7 22. Qh4 Rac8 23. Kh1 b5 24. b3 Nf6 25. Bg5 Rc5 26. Be4 Nxe4 27. Bxe7 Ng3+
28. Kg1 Qb6 29. Qxg3 Rc7+ 30. Qf2 Qxf2+ 31. Rxf2 Rxe7 32. f6 Rd7 33. fxg7 Rc8
34. d6 a4 1/2-1/2

[Event "Druga liga Srbije grupa Vojvodina 2013"]
[Site "Stari Banovci"]
[Date "2013.11.11"]
[Round "11.1"]
[White "Markovic, Dragan M"]
[Black "Besedes, Danilo"]
[Result "1-0"]
[WhiteElo "2022"]
[BlackElo "1974"]
[PlyCount "167"]
[EventDate "2013.11.04"]

1. Nf3 Nf6 2. g3 g6 3. Bg2 Bg7 4. O-O O-O 5. d3 d5 6. c3 c5 7. Qa4 Nc6 8. Qh4
Qb6 9. Qa4 Bd7 10. Qc2 Rac8 11. Nbd2 Qc7 12. e4 d4 13. c4 e5 14. a3 Nh5 15. Qb1
Qb6 16. h3 f5 17. Qa2 Kh8 18. Rb1 a5 19. b3 Rce8 20. Qc2 Qc7 21. Qd1 Nf6 22.
Qe2 Qc8 23. Kh2 fxe4 24. dxe4 Nh5 25. Ne1 b6 26. Nd3 Rf7 27. Nf3 h6 28. Nh4 Kh7
29. Nf3 Be6 30. a4 Ref8 31. Bd2 Qe8 32. Ng1 Bf6 33. Bf3 Ng7 34. Qd1 Be7 35. Kg2
Bd6 36. g4 Qd7 37. Be2 Ne7 38. Nf3 Nc6 39. Nh2 g5 40. Rg1 Ne7 41. f3 Ng6 42.
Rf1 Qe7 43. Be1 Bd7 44. Bg3 Ne6 45. Qc2 Bc6 46. Rh1 Qb7 47. Rbf1 Nef4+ 48. Nxf4
exf4 49. Bf2 Re7 50. e5 Rxe5 51. Bd3 Rf6 52. Re1 Kg7 53. Bxg6 Rxg6 54. Rxe5
Bxe5 55. Qf5 Bd6 56. Re1 Rf6 57. Qd3 Bd7 58. Nf1 h5 59. Kg1 hxg4 60. hxg4 Rh6
61. Nd2 Qc8 62. Ne4 Be5 63. Nxg5 Qh8 64. Kf1 Rh1+ 65. Ke2 Rxe1+ 66. Bxe1 Bf6
67. Ne4 Qh2+ 68. Kd1 Be5 69. Qe2 Qxe2+ 70. Kxe2 Kf7 71. Bh4 Bc7 72. Nf2 Bc6 73.
Nd3 Kg6 74. Be7 Bb7 75. Bh4 Bc8 76. Be7 Be6 77. Bh4 Bf7 78. Be7 Bg8 79. Bh4 b5
80. axb5 a4 81. bxa4 Bxc4 82. Be1 Bd5 83. Nxc5 Bb6 84. Nd3 1-0

[Event "Druga liga Srbije grupa Vojvodina 2013"]
[Site "Stari Banovci"]
[Date "2013.11.11"]
[Round "11.2"]
[White "Bodiroga, Predrag"]
[Black "Sekulic, Dusan"]
[Result "0-1"]
[WhiteElo "2389"]
[BlackElo "2298"]
[PlyCount "78"]
[EventDate "2013.11.04"]

1. Nf3 d6 2. d4 Nf6 3. c4 Nbd7 4. Nc3 e5 5. e4 Be7 6. Be2 O-O 7. O-O Re8 8. d5
Nc5 9. Qc2 a5 10. Be3 Bf8 11. Nd2 Ng4 12. Bxg4 Bxg4 13. a3 Na6 14. Rab1 c5 15.
dxc6 bxc6 16. f3 Bc8 17. Rfd1 Rb8 18. Nf1 Be6 19. Na4 Qc7 20. b3 Rb7 21. f4 f6
22. Nd2 d5 23. fxe5 fxe5 24. cxd5 cxd5 25. Qd3 d4 26. Bf2 Qc6 27. Rbc1 Qb5 28.
Qg3 Bxa3 29. Ra1 Bb4 30. Nf3 Bf7 31. Ng5 Bg6 32. Rac1 h6 33. Nf3 Bxe4 34. Nh4
Ba3 35. Qg4 Qd5 36. Rc8 Rxc8 37. Qxc8+ Kh7 38. Qg4 Bc2 39. Rd2 Qxb3 0-1

[Event "Druga liga Srbije grupa Vojvodina 2013"]
[Site "Stari Banovci"]
[Date "2013.11.11"]
[Round "11.2"]
[White "Azaric, Slavko"]
[Black "Levnajic, Pavle"]
[Result "1/2-1/2"]
[WhiteElo "2294"]
[BlackElo "2251"]
[PlyCount "62"]
[EventDate "2013.11.04"]

1. e4 e5 2. Nf3 Nc6 3. Nc3 Nf6 4. a3 d6 5. d4 exd4 6. Nxd4 Be7 7. Bb5 Bd7 8.
O-O O-O 9. Re1 Re8 10. Bf4 Nxd4 11. Bxd7 Nxd7 12. Qxd4 Bf6 13. Qc4 Be5 14. Bg3
Nb6 15. Qd3 Qf6 16. Bxe5 Qxe5 17. Re3 Qc5 18. Qb5 Re5 19. Qxc5 Rxc5 20. b3 Re8
21. Rae1 g6 22. Kf1 Kf8 23. R1e2 a5 24. a4 d5 25. Rd2 dxe4 26. Nxe4 Rce5 27.
Nf6 Rxe3 28. fxe3 Rxe3 29. Nxh7+ Ke7 30. Ng5 c6 31. Re2 Nd5 1/2-1/2

[Event "Druga liga Srbije grupa Vojvodina 2013"]
[Site "Stari Banovci"]
[Date "2013.11.11"]
[Round "11.2"]
[White "Vucinic, Gojko"]
[Black "Onjin, Branko"]
[Result "1-0"]
[WhiteElo "2294"]
[BlackElo "1987"]
[PlyCount "41"]
[EventDate "2013.11.04"]

1. e4 e6 2. d4 d5 3. Nc3 Bb4 4. e5 c5 5. a3 Bxc3+ 6. bxc3 Ne7 7. Qg4 Qa5 8. Bd2
Qa4 9. Qxg7 Rg8 10. Qxh7 cxd4 11. Nf3 Nbc6 12. g3 Bd7 13. Be2 O-O-O 14. Qd3
dxc3 15. Bxc3 Nf5 16. O-O Qg4 17. Rfb1 Kc7 18. Nd4 Qh3 19. Bf1 Qh5 20. Rxb7+
Kxb7 21. Qa6+ 1-0

[Event "Druga liga Srbije grupa Vojvodina 2013"]
[Site "Stari Banovci"]
[Date "2013.11.11"]
[Round "11.2"]
[White "Jacimovic, Zoran"]
[Black "Stojanovic, Vlastimir"]
[Result "0-1"]
[WhiteElo "2169"]
[BlackElo "2205"]
[PlyCount "62"]
[EventDate "2013.11.04"]

1. e4 d5 2. exd5 Nf6 3. d4 Nxd5 4. Nf3 g6 5. c4 Nb6 6. h3 Bg7 7. Nc3 O-O 8. Be3
Nc6 9. Qd2 e5 10. d5 Ne7 11. Bh6 Bxh6 12. Qxh6 Nf5 13. Qd2 e4 14. Nd4 e3 15.
fxe3 Nxe3 16. Qxe3 Re8 17. Ne4 Qh4+ 18. Kd2 Rxe4 19. Nf3 Qe7 20. Qc3 Qc5 21. b3
Qf2+ 22. Kd1 Re3 23. Qd2 Rxf3 24. gxf3 Qxf3+ 25. Qe2 Qxh1 26. Qe8+ Kg7 27. Qe5+
f6 28. Qe7+ Kh6 29. Qxf6 Bf5 30. Kd2 Qh2+ 31. Be2 Qf4+ 0-1

[Event "Druga liga Srbije grupa Vojvodina 2013"]
[Site "Stari Banovci"]
[Date "2013.11.11"]
[Round "11.2"]
[White "Jovanovic, Slobodan E"]
[Black "Adamov, Ivan"]
[Result "1/2-1/2"]
[WhiteElo "1883"]
[BlackElo "1901"]
[PlyCount "110"]
[EventDate "2013.11.04"]

1. e4 c5 2. Nf3 d6 3. d4 cxd4 4. Nxd4 Nf6 5. Nc3 a6 6. Be2 e6 7. O-O Be7 8. Be3
Qc7 9. Qd2 b5 10. a3 Bb7 11. f3 Nbd7 12. Rac1 O-O 13. Nd1 d5 14. exd5 Nxd5 15.
Bf2 Bd6 16. g3 Ne5 17. Ne3 Nb6 18. c3 Rfd8 19. f4 Nec4 20. Nxc4 Nxc4 21. Qc2
Bc5 22. Rcd1 Rd7 23. a4 Rad8 24. axb5 axb5 25. h4 e5 26. fxe5 Qxe5 27. Kh2 Re8
28. Bd3 g6 29. Rde1 Qb8 30. Rxe8+ Qxe8 31. Re1 Qd8 32. Be4 Bxe4 33. Rxe4 Kg7
34. b4 Bb6 35. Qe2 Qa8 36. Re8 Qd5 37. Qe4 Qxe4 38. Rxe4 Bxd4 39. Bxd4+ Kf8 40.
Kg2 f5 41. Re6 Kf7 42. Rf6+ Ke7 43. Ra6 Kf7 44. Kf3 Re7 45. Ra8 Re8 46. Rxe8
Kxe8 47. Kf4 h6 48. g4 fxg4 49. Kxg4 Kf7 50. Kf4 Ke6 51. Bg7 g5+ 52. hxg5 hxg5+
53. Kxg5 Kd5 54. Kf4 Nb2 55. Ke3 Nc4+ 1/2-1/2

[Event "Druga liga Srbije grupa Vojvodina 2013"]
[Site "Stari Banovci"]
[Date "2013.11.11"]
[Round "11.4"]
[White "Vlahovic, Bogdan"]
[Black "Bulajic, Ratko"]
[Result "1/2-1/2"]
[WhiteElo "2329"]
[BlackElo "2284"]
[PlyCount "20"]
[EventDate "2013.11.04"]

1. e4 c5 2. d3 g6 3. Nf3 Bg7 4. g3 e5 5. Bg2 Ne7 6. O-O O-O 7. c3 Nbc6 8. Nbd2
d6 9. a4 b6 10. Nh4 Bb7 1/2-1/2

[Event "Druga liga Srbije grupa Vojvodina 2013"]
[Site "Stari Banovci"]
[Date "2013.11.11"]
[Round "11.5"]
[White "Stanojevic, Branko"]
[Black "Elez, Nikola"]
[Result "1/2-1/2"]
[WhiteElo "2291"]
[BlackElo "2217"]
[PlyCount "20"]
[EventDate "2013.11.04"]

1. d4 d5 2. Nf3 Nf6 3. c4 c6 4. cxd5 cxd5 5. Nc3 Nc6 6. Bf4 g6 7. e3 Bg7 8. h3
O-O 9. Bd3 a6 10. Rc1 e6 1/2-1/2